<?xml version="1.0" encoding="UTF-8"?>
<record
    xmlns:xsi="http://www.w3.org/2001/XMLSchema-instance"
    xsi:schemaLocation="http://www.loc.gov/MARC21/slim http://www.loc.gov/standards/marcxml/schema/MARC21slim.xsd"
    xmlns="http://www.loc.gov/MARC21/slim">

  <leader>02641nam a2200337uu 4500</leader>
  <controlfield tag="001">1468356</controlfield>
  <controlfield tag="005">20260512101105.0</controlfield>
  <controlfield tag="008">170704nuuuuuuuu                    spa  </controlfield>
  <datafield tag="020" ind1=" " ind2=" ">
    <subfield code="a">9789585796485</subfield>
  </datafield>
  <datafield tag="035" ind1=" " ind2=" ">
    <subfield code="a">1468356</subfield>
  </datafield>
  <datafield tag="040" ind1=" " ind2=" ">
    <subfield code="c">comduadb</subfield>
  </datafield>
  <datafield tag="041" ind1=" " ind2=" ">
    <subfield code="a">spa</subfield>
  </datafield>
  <datafield tag="050" ind1=" " ind2="4">
    <subfield code="a">N</subfield>
  </datafield>
  <datafield tag="082" ind1=" " ind2="4">
    <subfield code="a">334</subfield>
  </datafield>
  <datafield tag="100" ind1="1" ind2="0">
    <subfield code="a">Salgado Ca&#xF1;averal, Oswaldo Antonio</subfield>
    <subfield code="4">res</subfield>
    <subfield code="e">res</subfield>
    <subfield code="9">278369</subfield>
  </datafield>
  <datafield tag="245" ind1="1" ind2="0">
    <subfield code="a">Pol&#xED;tica p&#xFA;blica de econom&#xED;a solidaria en el contexto de planeaci&#xF3;n local y presupuesto participativo de Medell&#xED;n 2008-2015 : evaluaci&#xF3;n de su efectividad</subfield>
  </datafield>
  <datafield tag="260" ind1=" " ind2=" ">
    <subfield code="b">Personer&#xED;a de Medell&#xED;n ;</subfield>
    <subfield code="a">Medell&#xED;n :</subfield>
    <subfield code="b">Fundaci&#xF3;n Universitaria Luis Amig&#xF3; (FUNLAM),</subfield>
    <subfield code="c">2015.</subfield>
  </datafield>
  <datafield tag="300" ind1=" " ind2=" ">
    <subfield code="a">201 p&#xE1;ginas</subfield>
  </datafield>
  <datafield tag="505" ind1=" " ind2=" ">
    <subfield code="a">CONTENIDO: 1. Memoria metodol&#xF3;gica -- 2. La pol&#xED;tica p&#xFA;blica de econom&#xED;a solidaria: desarrollos y perspectiva -- 3. Contexto de econom&#xED;a solidaria para la interpretaci&#xF3;n de la pol&#xED;tica p&#xFA;blica de econom&#xED;a solidaria en Medell&#xED;n desde la perspectiva de los planes de desarrollo para Medell&#xED;n del 2008-2014 -- 4. Sentidos y significados de la efectividad de la pol&#xED;tica p&#xFA;blica de econom&#xED;a solidaria en Medell&#xED;n: una perspectiva evaluativa.</subfield>
  </datafield>
  <datafield tag="520" ind1="3" ind2=" ">
    <subfield code="a">RESUMEN: El presente libro es resultado de la investigaci&#xF3;n denominada "Evaluaci&#xF3;n de la efectividad de la pol&#xED;tica p&#xFA;blica de econom&#xED;a solidaria 2008-2015, seg&#xFA;n indicadores de planes de desarrollo 2008-2011(Medell&#xED;n es solidaria y competitiva) y 2012-2015 (Medell&#xED;n un hogar para la vida)", realizada en convenio entre la personer&#xED;a de Medell&#xED;n y los grupos de investigaci&#xF3;n Econom&#xED;a Solidaria -ECOSOL- y Gesti&#xF3;n de Organizaciones -GORAS- de la fundaci&#xF3;n Universitaria Luis Amig&#xF3;-Funlam-, la cual obedece al inter&#xE9;s de analizar los resultados en la ejecuci&#xF3;n de la pol&#xED;tica p&#xFA;blica de econom&#xED;a solidaria, desde los dos &#xFA;ltimos planes de desarrollo de la ciudad de Medell&#xED;n y reconocer los efectos de corto y mediano plazo producidos por el programa de planeaci&#xF3;n local -PL- y presupuesto participativo -PP- del Municipio.</subfield>
  </datafield>
  <datafield tag="650" ind1=" " ind2=" ">
    <subfield code="a">Econom&#xED;a solidaria - Medellin</subfield>
    <subfield code="9">105542</subfield>
  </datafield>
  <datafield tag="650" ind1=" " ind2=" ">
    <subfield code="a">Planificaci&#xF3;n regional</subfield>
    <subfield code="9">32204</subfield>
  </datafield>
  <datafield tag="650" ind1=" " ind2=" ">
    <subfield code="a">Presupuesto participativo - Medell&#xED;n (Antioquia, Colombia)</subfield>
    <subfield code="9">216061</subfield>
  </datafield>
  <datafield tag="650" ind1=" " ind2="7">
    <subfield code="a">Pol&#xED;ticas p&#xFA;blicas</subfield>
    <subfield code="z">Medell&#xED;n (Antioquia, Colombia)</subfield>
    <subfield code="2">embne</subfield>
    <subfield code="9">159129</subfield>
  </datafield>
  <datafield tag="700" ind1="1" ind2="0">
    <subfield code="a">Arboleda &#xC1;lvarez, Olga Luc&#xED;a</subfield>
    <subfield code="4">res</subfield>
    <subfield code="e">res</subfield>
    <subfield code="9">320322</subfield>
  </datafield>
  <datafield tag="700" ind1="1" ind2="0">
    <subfield code="a">&#xC1;lzate C&#xE1;rdenas, Martha del Socorro</subfield>
    <subfield code="4">res</subfield>
    <subfield code="e">res</subfield>
    <subfield code="9">269315</subfield>
  </datafield>
  <datafield tag="700" ind1="1" ind2="0">
    <subfield code="a">Peralta Robledo, Guiomar Bibiana</subfield>
    <subfield code="4">res</subfield>
    <subfield code="e">res</subfield>
    <subfield code="9">401902</subfield>
  </datafield>
  <datafield tag="700" ind1="1" ind2="0">
    <subfield code="a">Pareja Mesa, Martha Ligia</subfield>
    <subfield code="4">res</subfield>
    <subfield code="e">res</subfield>
    <subfield code="9">309969</subfield>
  </datafield>
  <datafield tag="700" ind1="1" ind2="0">
    <subfield code="a">Zabala Salazar, Hernando Emilio</subfield>
    <subfield code="4">aui</subfield>
    <subfield code="e">aui</subfield>
    <subfield code="9">377075</subfield>
  </datafield>
  <datafield tag="942" ind1=" " ind2=" ">
    <subfield code="c">BOOK</subfield>
  </datafield>
  <datafield tag="999" ind1=" " ind2=" ">
    <subfield code="c">763479</subfield>
    <subfield code="d">763479</subfield>
  </datafield>
  <datafield tag="952" ind1=" " ind2=" ">
    <subfield code="0">0</subfield>
    <subfield code="1">0</subfield>
    <subfield code="4">0</subfield>
    <subfield code="7">0</subfield>
    <subfield code="8">ANTIOQUIA</subfield>
    <subfield code="a">BC</subfield>
    <subfield code="b">BC</subfield>
    <subfield code="d">2017-07-05</subfield>
    <subfield code="e">Material adquirido por donaci&#xF3;n</subfield>
    <subfield code="g">28000.00</subfield>
    <subfield code="i">C1264263</subfield>
    <subfield code="l">0</subfield>
    <subfield code="o">338.986126 S164</subfield>
    <subfield code="p">1027484</subfield>
    <subfield code="r">2023-05-04 00:00:00</subfield>
    <subfield code="t">1</subfield>
    <subfield code="w">2023-05-04</subfield>
    <subfield code="y">BOOKI</subfield>
  </datafield>
  <datafield tag="952" ind1=" " ind2=" ">
    <subfield code="0">0</subfield>
    <subfield code="1">0</subfield>
    <subfield code="4">0</subfield>
    <subfield code="7">0</subfield>
    <subfield code="8">GEN</subfield>
    <subfield code="a">BC</subfield>
    <subfield code="b">BC</subfield>
    <subfield code="d">2017-07-05</subfield>
    <subfield code="e">Material adquirido por donaci&#xF3;n</subfield>
    <subfield code="g">28000.00</subfield>
    <subfield code="i">C1264265</subfield>
    <subfield code="l">0</subfield>
    <subfield code="o">338.986126 S164 e2</subfield>
    <subfield code="p">1027485</subfield>
    <subfield code="r">2023-05-04 00:00:00</subfield>
    <subfield code="t">2</subfield>
    <subfield code="w">2023-05-04</subfield>
    <subfield code="y">BOOK</subfield>
  </datafield>
  <datafield tag="952" ind1=" " ind2=" ">
    <subfield code="0">0</subfield>
    <subfield code="1">0</subfield>
    <subfield code="4">0</subfield>
    <subfield code="7">0</subfield>
    <subfield code="8">GENERAL</subfield>
    <subfield code="a">INER</subfield>
    <subfield code="b">INER</subfield>
    <subfield code="d">2017-07-04</subfield>
    <subfield code="e">Material adquirido por donaci&#xF3;n</subfield>
    <subfield code="i">C1264245</subfield>
    <subfield code="l">0</subfield>
    <subfield code="o">Av/4695</subfield>
    <subfield code="p">0645386</subfield>
    <subfield code="r">2023-05-04 00:00:00</subfield>
    <subfield code="t">3</subfield>
    <subfield code="w">2023-05-04</subfield>
    <subfield code="y">BOOK</subfield>
  </datafield>
  <datafield tag="952" ind1=" " ind2=" ">
    <subfield code="0">0</subfield>
    <subfield code="1">0</subfield>
    <subfield code="4">0</subfield>
    <subfield code="7">0</subfield>
    <subfield code="8">GENERAL</subfield>
    <subfield code="a">CISH</subfield>
    <subfield code="b">CISH</subfield>
    <subfield code="d">2017-08-01</subfield>
    <subfield code="e">Material adquirido por donaci&#xF3;n</subfield>
    <subfield code="i">C1265742</subfield>
    <subfield code="l">0</subfield>
    <subfield code="o">N-12379</subfield>
    <subfield code="p">15987811</subfield>
    <subfield code="r">2023-05-04 00:00:00</subfield>
    <subfield code="t">4</subfield>
    <subfield code="w">2023-05-04</subfield>
    <subfield code="y">BOOK</subfield>
  </datafield>
</record>
